000 00689nam a22002417a 4500
003 UA-OsUOA
001 44584
007 ta
008 20070301b un ||||| |||| 00| 0 ukr d
100 _aПриймак В.
700 _aГолубник О.
700 _aШинкар Н.
090 _a330(477)
_bП-11
942 _cSA
040 _aUA-OsUOA
_bukr
_cUA-OsUOA
_dUA-OsUOA
245 _aМіграційна привабливість регіонів України
300 _aС.19-25
955 _a0
041 _aukr
080 _a330(477)
773 0 _w44583
_tУкраїна: аспекти праці
_dК.
_d2007
_g1
650 7 _a330 Економіка взагалі
_2UDC
999 _c330701
_d330701